Statistics for Car Brands of Countries 2

Click here to take the quiz!

General Stats

  • This quiz has been taken 31 times
  • The average score is 14 of 16

Answer Stats

Answer% Correct
Italy
100%
Germany
96%
Italy
96%
Japan
96%
France
93%
Germany
93%
South Korea
93%
USA
93%
USA
93%
Japan
89%
Japan
89%
UK
85%
UK
85%
Japan
81%
India
70%
Spain
67%

Score Distribution

Percentile by Number Answered

Percent of People with Each Score

Your Score History

You have not taken this quiz